| 000 | 00885nam a22002177a 4500 | ||
|---|---|---|---|
| 008 | 151124b xxu||||| |||| 00| 0 eng d | ||
| 020 | _a9780138598105 | ||
| 050 |
_aHD58.7 _b.W24 1998 |
||
| 100 | _aWagner, John A., 1952- 245 | ||
| 245 |
_aOrganizational behavior : _bsecuring competitive advantage / _c John A. Wagner III, John R. Hollenbeck. |
||
| 250 | _a3rd ed. | ||
| 260 |
_a Upper Saddle River, N.J. : _bPrentice Hall, _c1998. |
||
| 300 |
_a xix, 444 p. : _b col. ill. ; _c 25 cm. |
||
| 500 | _aIncludes bibliographical references and index. | ||
| 500 | _aRev. ed. of: Management of organizational behavior. 2nd ed. c1995. | ||
| 650 | _a Organizational behavior. | ||
| 650 |
_a Organizational behavior _xCase studies. |
||
| 700 | _aHollenbeck, John R. | ||
| 700 |
_aWagner, John A., _d1952- _eManagement of organizational behavior. |
||
| 942 |
_2lcc _cBK |
||
| 999 |
_c45401 _d45401 |
||